000 00989nam0a22003371 4500
001 RU\NLR\A1SV\15255
005 20251203171251.9
035 _a(NLR Aleph) 009700503
090 _a9782785
_c9782785
100 _a20000224d1918 u y0rusy50 ca
101 0 _arus
102 _aRU
200 1 _aВолшебный котел, или Кухня без огня
_e[Экономия и гигиена]
_eСост. по Форесту и др. швед. и фр. источникам
_fД-р мед. Ю.А.
210 _aМ.
_cЗадруга
_d1918
215 _a20 с.
_cил., табл.
_d19 см
620 _dМосква
702 0 _aЮ.А.
_4070
702 1 _aФорест
_bП.А.
_4070
801 0 _aRU
_bNLR
_c20000224
852 _aNLR
_j37.63.4.385
899 _aБАН
899 _aУОНБ
899 _aРКП
899 _aСамОУНБ
899 _aНБЛ КГУ
899 _aLatNB
899 _aРГБ
942 _cBOOK
980 _aNB
980 _aA1SV